Name African Countries - Statistics

General Stats
  • This quiz has been taken 54 times
    49 since last reset
  • The average score is 35 of 54
Answer Stats
Answer % Correct
Egypt
93%
Morocco
90%
South Sudan
86%
Sudan
86%
Democratic Republic of the Congo
83%
Niger
83%
Algeria
79%
Ethiopia
79%
Ghana
79%
Nigeria
79%
South africa
79%
Angola
76%
Libya
76%
Zambia
76%
Zimbabwe
76%
Kenya
72%
Madagascar
72%
Rwanda
72%
Tunisia
72%
Chad
69%
Djibouti
69%
Guinea
69%
Lesotho
69%
Mozambique
69%
Namibia
69%
Uganda
69%
Cameroon
66%
Eritrea
66%
Mali
66%
Tanzania
66%
Botswana
62%
Burundi
62%
Eswatini
62%
Somalia
62%
The Gambia
62%
Congo
59%
Malawi
59%
Mauritania
59%
Mauritius
59%
Benin
55%
Guinea-Bissau
55%
Liberia
55%
Senegal
55%
Sierra Leone
55%
Togo
55%
Burkina Faso
52%
Central African Republic
52%
Equatorial Guinea
52%
Seychelles
52%
Gabon
45%
Sao Tome & Principe
41%
Comoros
38%
Cabo Verde
24%
Côte ďe ivory
0%
No matching quizzes found
Score Distribution
Percent of People with Each Score
Percentile by Number Answered
Your Score History
You have not taken this quiz since the last reset